|
|
|
|
| LEADER |
00864ncm a22002292a 4500 |
| 001 |
001172768 |
| 003 |
CZ BrMZK |
| 005 |
20111007130016.0 |
| 007 |
qu |
| 008 |
111007s1948 xr |||||||||||||||||zxx d |
| 040 |
|
|
|a BOA001
|b cze
|
| 072 |
|
7 |
|a 785
|x Instrumentální hudba. Symfonická hudba. Hudba pro více nástrojů
|2 Konspekt
|9 9
|
| 100 |
1 |
|
|a Borovička, Antonín,
|d 1895-1968
|7 jk01012679
|4 cmp
|
| 245 |
1 |
0 |
|a Pro Tvoje štěstí
|h [hudebnina] :
|b valčík : universální orchestr /
|c hudba: Antonín Borovička. Kutnohoračka : polka / hudba: Arno Klimeš
|
| 260 |
|
|
|a Praha :
|b Grando,
|c 1948
|
| 300 |
|
|
|a 1 sv. (na volných listech)
|
| 700 |
1 |
|
|a Klimeš, Arno
|4 cmp
|
| 740 |
0 |
2 |
|a Kutnohoračka
|
| 910 |
|
|
|a BOA001
|b Mus3-0216.148
|
| 990 |
|
|
|a MU
|
| 991 |
|
|
|b 201110
|
| 996 |
6 |
|
|b 2619379417
|c Mus3-0216.148
|l MZK
|r Sklad / do 1 hodiny
|n 0
|w 001206304
|u 000010
|a 1
|e BOA001
|j MZK50
|s P
|